000 00664nam a2200229Ia 4500
005 20250508160930.0
008 008 250505s9999 xx 000 0 eng d
037 _aTextual
040 _aFEDL
_beng
_cFEDL
041 _aeng
_2eng
084 _a371.2, CHA
_qFEDL
100 _aChamberlain Leo M
_993212
245 0 _aTeacher and school organization
250 _a4th
260 _aEnglewood Cliffs
_b Prentice-Hall
_c1936
300 _axiv,489p.
490 _aPrentice-Hall Education
650 _aSchool Administration
700 _a Kindred Leslie W Mickelson John M
_9769776
942 _cTEXL
_h371.2, CHA
999 _c1367466
_d1367466